00755 2200181 4500001002100000005001500021035002000036245006400056100002400120250001700144300002800161260003100189082001100220084001700231020002200248650001700270520028600287INLIS00000000000003520240319091759 a0010-03240000351 aKisah 25 Nabi dan Rasul :bNabi Luth /cRirin Astutiningrum0 aRirin Astutiningrum acetakan ke-1 a36 hlm :bilus ;c19 cm aSolo :bTiga Ananda,c2019 a2X3.46 a2X3.46 RIR k a978-623-206-371-6 4aReligi Islam aNabi Luth a.s. diutus untuk berdakwah kepada kaum Sodom yang durhaka. Namun, kaum Sodom tetap saja melakukan kemaksiatan. Maka, Allah SWT menghukum mereka dengan sebuah azab. Azab apa yang ditimpakan Allah SWT kepada kaum Sodom? Bagaimana pula nasib Nabi Luth a.s. dan keluarganya?